[Event "ECU pre olympic"]
[Site "Quito"]
[Date "2024.04.12"]
[Round "7"]
[White "Norona Obaco, Wenceslao Rodrigo"]
[Black "Viscaino Yanez, Jhonny Cesar"]
[Result "0-1"]
[WhiteElo "1828"]
[BlackElo "1952"]
[PlyCount "68"]
[EventDate "2024.04.09"]
[EventType "tourn"]
[EventRounds "11"]
[EventCountry "ECU"]
[SourceTitle "EXT 2025"]
[Source "ChessBase"]
[SourceDate "2024.10.14"]
[SourceVersion "1"]
[SourceVersionDate "2024.10.14"]
[SourceQuality "1"]

1. d4 Nf6 2. Nf3 e6 3. Bf4 b6 4. e3 Bb7 5. Bd3 c5 6. c3 Nh5 7. Bg5 Be7 8. Bxe7 Qxe7 9. 0-0 f5 10. Nbd2 0-0 11. a4 Nc6 12. Be2 Nf6 13. Nc4 d5 14. Nce5 Nxe5 15. Nxe5 Nd7 16. Nxd7 Qxd7 17. f4 a5 18. Qb3 Bc6 19. Qxb6 c4 20. Ra2 Rfb8 21. Qc5 Bxa4 22. Bd1 Bxd1 23. Rxd1 Rb5 24. Qa3 a4 25. Rd2 Raa5 26. Ra1 Rb3 27. Qa2 Qa7 28. Rc1 a3 29. Qb1 Rab5 30. Rcc2 Qb7 31. h3 Rxb2 32. Rxb2 Rxb2 33. Rxb2 Qxb2 34. Qd1 a2 0-1

[Event "ECU pre olympic"]
[Site "Quito"]
[Date "2024.04.09"]
[Round "1"]
[White "Guerrero Cajeca, Matias Israel"]
[Black "Viscaino Yanez, Jhonny Cesar"]
[Result "1/2-1/2"]
[WhiteElo "1908"]
[BlackElo "1952"]
[PlyCount "122"]
[EventDate "2024.04.09"]
[EventType "tourn"]
[EventRounds "11"]
[EventCountry "ECU"]
[SourceTitle "EXT 2025"]
[Source "ChessBase"]
[SourceDate "2024.10.14"]
[SourceVersion "1"]
[SourceVersionDate "2024.10.14"]
[SourceQuality "1"]

1. Nf3 Nf6 2. c4 e6 3. g3 d5 4. Bg2 Be7 5. 0-0 0-0 6. d4 Nbd7 7. Qc2 dxc4 8. Qxc4 a6 9. Qc2 Ra7 10. a4 b6 11. Nc3 Bb7 12. Bf4 c5 13. Rad1 Qa8 14. dxc5 Bxc5 15. Bd6 Rc8 16. Bxc5 Nxc5 17. Rd6 Be4 18. Qd1 Bc6 19. Ne1 Bxg2 20. Nxg2 Qb8 21. Ne3 b5 22. Rd4 Nxa4 23. Nxa4 bxa4 24. Qa1 Rb7 25. Qxa4 Rxb2 26. Qxa6 Rb6 27. Qa1 Rb2 28. Rfd1 h5 29. Qa6 Rb1 30. Qxc8+ Qxc8 31. Rxb1 Qc5 32. Rc4 Qe5 33. Rbc1 g6 34. h4 Kg7 35. Rf4 Ne8 36. Rd1 Nd6 37. Rfd4 Nb5 38. R4d3 Nc3 39. Re1 Ne4 40. Nf1 Qc5 41. Re3 f5 42. Rd1 e5 43. Kg2 Nxf2 44. Kxf2 f4 45. Rdd3 fxe3+ 46. Rxe3 Qd4 47. Kf3 Qg4+ 48. Kg2 Qd4 49. Rd3 Qe4+ 50. Kf2 Qc4 51. Nd2 Qc5+ 52. Re3 Qc1 53. Nf3 Qc5 54. Ng5 Qf8+ 55. Rf3 Qc5+ 56. Kg2 Qd5 57. e4 Qd2+ 58. Rf2 Qe3 59. Rb2 Kf6 60. Ra2 Ke7 61. Rf2 Ke8 1/2-1/2

[Event "ECU-ch"]
[Site "Ibarra"]
[Date "2024.03.14"]
[Round "4"]
[White "Guerrero Cajeca, Matias Israel"]
[Black "Viscaino Yanez, Jhonny Cesar"]
[Result "0-1"]
[WhiteElo "1857"]
[BlackElo "1952"]
[PlyCount "118"]
[EventDate "2024.03.13"]
[EventType "swiss"]
[EventRounds "9"]
[EventCountry "ECU"]
[SourceTitle "EXT 2025"]
[Source "ChessBase"]
[SourceDate "2024.10.14"]
[SourceVersion "1"]
[SourceVersionDate "2024.10.14"]
[SourceQuality "1"]

1. g3 Nf6 2. Bg2 d5 3. Nf3 c5 4. d3 Nc6 5. Nbd2 e6 6. e4 Be7 7. 0-0 b6 8. Re1 Bb7 9. c3 Qc7 10. exd5 Nxd5 11. Qc2 Rd8 12. a3 0-0 13. Ne4 h6 14. Bf1 Rd7 15. b3 Rfd8 16. Bb2 Nf6 17. Ned2 Ng4 18. c4 Bf6 19. h3 Nge5 20. Nxe5 Nxe5 21. Re3 Re7 22. b4 Nd7 23. bxc5 Qxc5 24. Ne4 Bxe4 25. Rxe4 Bxb2 26. Qxb2 Qd6 27. Rd4 Qc7 28. Rc1 e5 29. Rd5 Nc5 30. d4 exd4 31. Qxd4 Rde8 32. Rd1 Re4 33. Qd2 Qe7 34. Bg2 Rxc4 35. Rf5 Ne6 36. Qe2 Nd4 37. Qxc4 Nxf5 38. Qg4 g6 39. Bd5 Kg7 40. h4 h5 41. Qc4 Rd8 42. Rd3 Rd7 43. Rf3 Qe5 44. Bc6 Rc7 45. Qa4 Nd4 46. Re3 Qf6 47. Bg2 Rc2 48. f4 Nf5 49. Re5 Rc5 50. Qxa7 Rxe5 51. fxe5 Qxe5 52. Qxb6 Qe1+ 53. Kh2 Qxg3+ 54. Kg1 Qxa3 55. Qc7 Qa1+ 56. Kh2 Qf6 57. Bh3 Nxh4 58. Qg3 Nf5 59. Qf4 Qd6 0-1

[Event "ECU-ch"]
[Site "Ibarra"]
[Date "2024.03.14"]
[Round "3"]
[White "Viscaino Yanez, Jhonny Cesar"]
[Black "Pazos Gambarrotti, Plinio Efrain"]
[Result "1-0"]
[WhiteElo "1952"]
[BlackElo "2005"]
[PlyCount "81"]
[EventDate "2024.03.13"]
[EventType "swiss"]
[EventRounds "9"]
[EventCountry "ECU"]
[SourceTitle "EXT 2025"]
[Source "ChessBase"]
[SourceDate "2024.10.14"]
[SourceVersion "1"]
[SourceVersionDate "2024.10.14"]
[SourceQuality "1"]

1. e4 c5 2. Nf3 Nc6 3. d4 cxd4 4. Nxd4 Nf6 5. Nc3 d6 6. Be2 Bd7 7. Be3 Rc8 8. g4 Ne5 9. f3 h6 10. Nb3 a6 11. Qd2 Be6 12. Bd4 Qc7 13. 0-0-0 b5 14. Bxe5 dxe5 15. Kb1 Bc4 16. Nd5 Bxd5 17. exd5 Rd8 18. c4 bxc4 19. Qc3 Nxd5 20. Qxc4 Qxc4 21. Bxc4 e6 22. Bxa6 Bd6 23. Bb7 Bc7 24. Rc1 Bb8 25. Rhe1 0-0 26. Na5 Nf4 27. Nc6 Rd7 28. Ba6 Ng6 29. a4 f5 30. Bc4 Rd6 31. gxf5 Rxc6 32. fxg6 Rf4 33. Bb5 Rb6 34. Rc8+ Rf8 35. Rxf8+ Kxf8 36. Bc4 Ke7 37. Re4 Bd6 38. a5 Rb4 39. a6 Rb8 40. Bd3 Kd8 41. Rc4 1-0

[Event "ECU-ch"]
[Site "Quito"]
[Date "2023.06.21"]
[Round "2"]
[White "Viscaino Yanez, Jhonny Cesar"]
[Black "Noboa Silva, Kevin Omar"]
[Result "1-0"]
[WhiteElo "1920"]
[BlackElo "2278"]
[PlyCount "89"]
[EventDate "2023.06.21"]
[EventType "swiss"]
[EventRounds "9"]
[EventCountry "ECU"]
[SourceTitle "CBM 215 Extra"]
[Source "ChessBase"]
[SourceDate "2023.09.30"]
[SourceVersion "1"]
[SourceVersionDate "2023.09.30"]
[SourceQuality "1"]

1. b3 d5 2. Bb2 Bg4 3. Nf3 Nd7 4. e3 Ngf6 5. c4 e6 6. Nc3 c6 7. Rc1 Bd6 8. h3 Bh5 9. cxd5 exd5 10. Be2 0-0 11. 0-0 Re8 12. Nd4 Bxe2 13. Qxe2 Bf8 14. f4 c5 15. Nf5 g6 16. Ng3 d4 17. Nd1 Qa5 18. a3 Qb6 19. Qc4 Rac8 20. Kh1 h5 21. Rf3 h4 22. Nf1 dxe3 23. Nfxe3 Bg7 24. Nf2 Qd6 25. Nd3 Nb6 26. Qc2 Red8 27. Nf2 Qe7 28. f5 g5 29. Bxf6 Bxf6 30. Ne4 Rd4 31. Ng4 Bh8 32. Re3 Qd8 33. f6 Qd5 34. Rf1 Nd7 35. Rf5 Qc6 36. Rxg5+ Kf8 37. Rf5 Re8 38. d3 Re6 39. Qf2 Nxf6 40. Nexf6 Bxf6 41. Rxf6 Rxf6 42. Nxf6 Qd6 43. Re8+ Kg7 44. Rg8+ Kh6 45. Qf5 1-0

[Event "South America-ch U18 17th"]
[Site "Guayaquil"]
[Date "2022.01.27"]
[Round "4"]
[White "Quinde Rizzo, Hugo Josue"]
[Black "Viscaino Yanez, Jhonny Cesar"]
[Result "1-0"]
[WhiteElo "1555"]
[BlackElo "1875"]
[PlyCount "59"]
[EventDate "2022.01.25"]
[EventType "swiss"]
[EventRounds "9"]
[EventCountry "ECU"]
[SourceTitle "CBM 206 Extra"]
[Source "ChessBase"]
[SourceDate "2022.03.31"]
[SourceVersion "1"]
[SourceVersionDate "2022.03.31"]
[SourceQuality "1"]

1. e4 c5 2. Nc3 Nc6 3. g3 g6 4. Bg2 Bg7 5. d3 e6 6. Be3 d6 7. Nge2 Nge7 8. d4 cxd4 9. Nxd4 a6 10. 0-0 0-0 11. Kh1 b5 12. f4 Na5 13. f5 Nc4 14. Bc1 exf5 15. exf5 Bxf5 16. Nd5 Bxd4 17. Qxd4 Nxd5 18. Bxd5 Ne5 19. Bh6 Qe7 20. Bxf8 Rxf8 21. c3 Re8 22. Rae1 Be6 23. Rd1 Bg4 24. Bxf7+ Kg7 25. Rde1 Bh3 26. Rf2 Rc8 27. Bd5 Rc5 28. Rfe2 Rxd5 29. Qxd5 Be6 30. Qa8 1-0

[Event "South America-ch U18 17th"]
[Site "Guayaquil"]
[Date "2022.01.26"]
[Round "3"]
[White "Viscaino Yanez, Jhonny Cesar"]
[Black "Titichoca Daza, Daniel Henry"]
[Result "0-1"]
[WhiteElo "1875"]
[BlackElo "2250"]
[PlyCount "66"]
[EventDate "2022.01.25"]
[EventType "swiss"]
[EventRounds "9"]
[EventCountry "ECU"]
[SourceTitle "CBM 206 Extra"]
[Source "ChessBase"]
[SourceDate "2022.03.31"]
[SourceVersion "1"]
[SourceVersionDate "2022.03.31"]
[SourceQuality "1"]

1. e4 c5 2. Nf3 a6 3. d4 cxd4 4. Nxd4 Nf6 5. Nc3 e5 6. Nde2 Bc5 7. Ng3 d6 8. Be2 Nc6 9. 0-0 0-0 10. Bg5 h6 11. Bxf6 Qxf6 12. Nd5 Qg5 13. Kh1 g6 14. Qc1 Kg7 15. c3 Bd7 16. b4 Ba7 17. a4 Nd8 18. f4 exf4 19. Nxf4 Ne6 20. Qd2 Rac8 21. Qxd6 Nxf4 22. Qxd7 Rxc3 23. Qxb7 Rxg3 24. Rxf4 Rxg2 25. Rg4 Rxg4 26. Bxg4 Bd4 27. Rd1 Qxg4 28. Rxd4 Qf3+ 29. Kg1 Qe3+ 30. Kg2 Qxd4 31. b5 Qb2+ 32. Kh3 axb5 33. axb5 Rd8 0-1

[Event "Pan American-ch School U17"]
[Site "Medellin"]
[Date "2019.11.12"]
[Round "2"]
[White "Mollo, Jhoan"]
[Black "Viscaino Yanez, Jhonny Cesar"]
[Result "1-0"]
[WhiteElo "1988"]
[BlackElo "1741"]
[PlyCount "83"]
[EventDate "2019.11.12"]
[EventType "swiss"]
[EventRounds "9"]
[EventCountry "COL"]
[SourceTitle "CBM 193 Extra"]
[Source "ChessBase"]
[SourceDate "2020.01.31"]
[SourceVersion "1"]
[SourceVersionDate "2020.01.31"]
[SourceQuality "1"]

1. e4 c5 2. Nf3 e6 3. d4 cxd4 4. Nxd4 Nf6 5. Nc3 Bb4 6. Bd3 Nc6 7. Nxc6 bxc6 8. Bd2 d5 9. 0-0 0-0 10. Re1 Nd7 11. a3 Be7 12. b4 Ne5 13. Bf1 d4 14. Na4 a5 15. bxa5 Ba6 16. Bb4 Bxf1 17. Rxf1 Nc4 18. Bxe7 Qxe7 19. Qxd4 Nxa3 20. Qd3 Nb5 21. Nb6 Rad8 22. Qc4 Qc7 23. Qc5 Nd6 24. Ra4 f5 25. exf5 Rxf5 26. Qe3 e5 27. a6 Rf4 28. Qxe5 Rff8 29. Nc4 Rfe8 30. Qa5 Qf7 31. Nxd6 Rxd6 32. a7 Ra8 33. Rb1 h6 34. h3 Kh7 35. Qc5 Qe7 36. Qe3 Re6 37. Qd3+ g6 38. Qa6 Qe8 39. Rb7+ Kh8 40. Qa5 Qf8 41. Qc7 Qg8 42. Rf4 1-0